| 000 | 00843cam a2200265 a 4500 | ||
|---|---|---|---|
| 005 | 20031230185550.0 | ||
| 008 | 940308s1993 enkab b 001 0 eng | ||
| 010 | _aENG-101752 | ||
| 020 |
_c90.00 _a9788187952237 |
||
| 035 | _aEN-85285 | ||
| 037 | _bDBAD/PUB | ||
| 040 |
_adpl _bEng |
||
| 082 | _a362.2 | ||
| 100 | 1 |
_922405 _aKakar, S.C. |
|
| 245 | 1 | 0 |
_aSenior citizen's handbook / _cby S.C. Kakar |
| 250 | _a3rd ed | ||
| 260 |
_aKolkata _bMark-Age Services _c2010 |
||
| 270 |
_aME/5, Niva Park-3 Brahmapur, _bKolkata _e700096 |
||
| 300 |
_a160p. _c21cm (pbk) |
||
| 650 | 0 | _922448 | |
| 651 | _922481 | ||
| 700 | _923316 | ||
| 942 |
_2ddc _cEN _mKAK _h362.2 |
||
| 999 |
_c48416 _d48416 |
||